MARC

LEADER 00000nam0a2200000 4500
001 258500
005 20231101233313.0
035 |a (RuTPU)RU\TPU\book\281367 
090 |a 258500 
100 |a 20140425d1987 k y0rusy50 ca 
101 0 |a rus 
102 |a UA 
105 |a a z 001zy 
200 1 |a Эргономические вопросы безопасности полетов  |e сборник научных трудов  |f Киевский институт инженеров гражданской авиации 
210 |a Киев  |c КИИГА  |d 1987 
215 |a 132 с.  |c ил. 
320 |a Библиография в конце статей 
606 1 |a Самолеты  |x Безопасность полета  |2 stltpush  |3 (RuTPU)RU\TPU\subj\53618  |9 71787 
610 1 |a авиационная эргономика 
610 1 |a гражданская авиация 
610 1 |a диспетчерское управление 
610 1 |a человеческий фактор 
610 1 |a авиаоператоры 
610 1 |a экстремальные ситуации 
610 1 |a напряженность 
610 1 |a авиационная техника 
610 1 |a дефекты 
610 1 |a данные 
610 1 |a автоматизированная обработка 
610 1 |a пилоты 
610 1 |a тренажерные комплексы 
675 |a 629.73.017  |v 3 
712 0 2 |a Киевский институт инженеров гражданской авиации  |2 stltpush  |3 (RuTPU)RU\TPU\col\7483  |9 24336 
801 1 |a RU  |b 63413507  |c 20140425 
801 2 |a RU  |b 63413507  |c 20140929  |g RCR 
942 |c BK